| 000 | 01712cam a22005054i 4500 | ||
|---|---|---|---|
| 003 | PE-LiUPU | ||
| 005 | 20250731173115.0 | ||
| 008 | 190321s2018 xxu rb 001 0 eng d | ||
| 020 | _a1628372125 | ||
| 020 | _a9781628372120 | ||
| 035 | _a(Sirsi) a252001 | ||
| 040 |
_aPE-LiUPU _bspa _cPE-LiUPU _erda |
||
| 049 | _aPRUA | ||
| 082 | 0 | 4 |
_a220.859 _bS84 _223 |
| 100 | 1 |
_aStrommen, Hannah M., _eautor. |
|
| 245 | 1 | 0 |
_aBiblical animality after Jacques Derrida / _cHannah M. Strømmen. |
| 264 | 1 |
_aAtlanta : _bSBL Press, _c[2018]. |
|
| 300 |
_axi, 182 páginas ; _c23 centímetros. |
||
| 336 |
_atext _2rdacontent |
||
| 337 |
_aunmediated _2rdamedia |
||
| 338 |
_avolume _2rdacarrier |
||
| 490 | 0 |
_aSemeia studies ; _vNumber 91 |
|
| 504 | _aBibliografía: páginas 151-168. | ||
| 504 | _aÍndice: páginas 169-182. | ||
| 505 | 0 | _aThe question of the animal -- The first carnivorous man -- Acts of eating -- Political animals -- Bodies of the beast -- Conclusion: Animal afterlives. | |
| 526 | _aSEG42 | ||
| 526 | _aSEG41 | ||
| 526 | _aSEG40 | ||
| 526 | _aSEG39 | ||
| 526 | _aP94 | ||
| 526 | _aP87 | ||
| 526 | _aP86 | ||
| 526 | _aP85 | ||
| 526 | _aP77 | ||
| 526 | _aP76 | ||
| 526 | _aP35 | ||
| 650 | 0 | 4 | _aAnimales en la biblia. |
| 650 | 0 | 4 |
_aAntropología teológica _xEnseñanza bíblica. |
| 910 |
_adbm _bksl _cksl _d20190321 |
||
| 942 |
_2ddc _cBOOK |
||
| 994 |
_aC0 _bPEPRU |
||
| 596 | _a1 | ||
| 999 |
_a220.859 S84 _wDEWEY _c31260 _i80056 _f2021-11-9 _g3 _lCCODEBUL1 _mBUL _p25.00 _r0 _sY _tBOOK _u2019-3-21 _xTEOLOGIA _PP35 _0COMPRA _o.STAFF. Colección Teología _d31260 |
||
| 980 |
_81 _gALBERTO SANCHEZ Responsable de Automatización |
||